00421 2200181 4500001002100000005001500021008004100036020001800077035001900095041000700114082001000121090001600131100001500147245002700162260001100189300002500200650001400225INLIS00000000000265820241224112559241224||||||||| | ||| |||| || |  a979-24-5694-5 0010-1224002658 aid0 a796.3 a796.3 AGU b0 aAgus Salim00aBuku Pintar Sepak Bola bJembar a164 hlm;14.5 x 21 cm 0aOlah Raga